00371nam a22001337a 450000500170000000800410001704100120005808200120007010000120008224500420009426000470013630000290018365000250021220240807130608.0240807b |||||||| |||| 00| 0 eng d aEnglish a349 SOU lEnglish aSouth African Law Reports: Transvaal  aCape Town: bJuta and Company Ltd, c1912  bxi, 231 pages; c25 cm.  aLegal practice bLaw